[Event "Grand Pacific op"]
[Site "Victoria CAN"]
[Date "2018.04.01"]
[Round "4.10"]
[White "Lehingrat, Callum"]
[Black "Kostadinov, Georgi"]
[Result "1/2-1/2"]
[WhiteElo "1828"]
[BlackElo "2173"]
[PlyCount "69"]
[EventDate "2018.03.30"]
[EventType "swiss"]
[EventRounds "6"]
[EventCountry "CAN"]

1. d4 d5 2. c4 c6 3. Nf3 Nf6 4. Qc2 a6 5. g3 b5 6. b3 g6 7. Bb2 Bf5 8. Qc1 Nbd7
9. Bg2 h5 10. O-O Bh6 11. Nbd2 Ne4 12. e3 Ndf6 13. Ne5 Rc8 14. a4 bxc4 15. bxc4
O-O 16. Nxe4 Nxe4 17. f3 Nf6 18. Qe1 Qb6 19. Rf2 Bg7 20. Bc3 Be6 21. Rb2 Qa7
22. Rab1 Qa8 23. c5 Nd7 24. Nxd7 Bxd7 25. Rb7 Bf5 26. e4 Be6 27. Rxe7 Rb8 28.
e5 Bf5 29. Rb6 Rfc8 30. g4 hxg4 31. fxg4 Be6 32. Qb1 Bf8 33. Reb7 Rxb7 34. Rxb7
Bxg4 35. Qb6 1/2-1/2

[Event "Grand Pacific op"]
[Site "Victoria CAN"]
[Date "2018.04.01"]
[Round "5.4"]
[White "MacKinnon, Keith"]
[Black "Sali, Zulfikar"]
[Result "0-1"]
[WhiteElo "2280"]
[BlackElo "2225"]
[PlyCount "90"]
[EventDate "2018.03.30"]
[EventType "swiss"]
[EventRounds "6"]
[EventCountry "CAN"]

1. e4 c5 2. Nf3 e6 3. d4 cxd4 4. Nxd4 a6 5. Be2 Qc7 6. O-O Nf6 7. Nc3 Nc6 8.
Be3 d6 9. f4 Bd7 10. a4 Nxd4 11. Qxd4 Bc6 12. f5 e5 13. Qd3 Be7 14. Bf3 h6 15.
Rfd1 O-O 16. Rd2 b6 17. Bf2 Qb7 18. Bh4 b5 19. axb5 axb5 20. Rxa8 Rxa8 21. Bxf6
Bxf6 22. Nd5 Bg5 23. Rd1 Ra4 24. g3 Rd4 25. Qb3 Bxd5 26. exd5 Qb6 27. Rxd4
Qxd4+ 28. Kg2 e4 29. Bh5 Qd2+ 30. Kh3 Qf2 31. Qxb5 Qxf5+ 32. Kg2 g6 33. Bd1 e3
34. Qd3 Qf2+ 35. Kh3 h5 36. b4 h4 37. b5 hxg3 38. hxg3 Bd8 39. c4 f5 40. Qe2
Qg1 41. Qf3 g5 42. g4 f4 43. c5 dxc5 44. d6 Kf8 45. Bc2 e2 0-1

[Event "Grand Pacific op"]
[Site "Victoria CAN"]
[Date "2018.04.01"]
[Round "5.5"]
[White "Doknjas, John"]
[Black "Bashkansky, Naomi"]
[Result "1/2-1/2"]
[WhiteElo "2291"]
[BlackElo "2080"]
[PlyCount "103"]
[EventDate "2018.03.30"]
[EventType "swiss"]
[EventRounds "6"]
[EventCountry "CAN"]

1. c4 e5 2. Nc3 Nc6 3. g3 g6 4. Bg2 Bg7 5. e3 Nge7 6. Nge2 d6 7. O-O O-O 8. b3
Rb8 9. Bb2 f5 10. d3 a6 11. Rc1 Bd7 12. Nd5 Nxd5 13. cxd5 Ne7 14. Ba3 g5 15. f4
Ng6 16. fxg5 Qxg5 17. Rxc7 Qxe3+ 18. Kh1 Bb5 19. Bxd6 Rfd8 20. Rxg7+ Kxg7 21.
Bxb8 Rxb8 22. Nc3 Bd7 23. Qc1 Qxc1 24. Rxc1 Rc8 25. Ne2 Rxc1+ 26. Nxc1 Kf6 27.
Kg1 b6 28. Kf2 Ke7 29. Ne2 Kd6 30. Ke3 Ne7 31. Nc3 Bc8 32. d4 e4 33. g4 Nxd5+
34. Nxd5 Kxd5 35. gxf5 Bxf5 36. Bf1 b5 37. Be2 Bd7 38. Bh5 Be6 39. Be8 b4 40.
Bh5 a5 41. Be2 Bf5 42. Ba6 Kc6 43. Bc4 Bg6 44. Be6 Kd6 45. Bc8 Kc7 46. Bg4 h5
47. Be6 Kd6 48. Bg8 h4 49. Bc4 Bf5 50. Kf4 Bh7 51. Ke3 Bf5 52. Ba6 1/2-1/2

[Event "Grand Pacific op"]
[Site "Victoria CAN"]
[Date "2018.04.01"]
[Round "5.5"]
[White "Findlay, Ian"]
[Black "Cheng, Louis"]
[Result "1-0"]
[WhiteElo "2290"]
[BlackElo "2092"]
[PlyCount "97"]
[EventDate "2018.03.30"]
[EventType "swiss"]
[EventRounds "6"]
[EventCountry "CAN"]

1. e4 c5 2. Nf3 Nc6 3. d4 cxd4 4. Nxd4 d6 5. Nc3 Nf6 6. Bg5 e6 7. Qd2 h6 8.
Bxf6 Qxf6 9. Ndb5 Qd8 10. O-O-O a6 11. Nxd6+ Bxd6 12. Qxd6 Qxd6 13. Rxd6 Ke7
14. Rd2 b5 15. Be2 Ra7 16. Rhd1 Rd7 17. f4 Rhd8 18. Rxd7+ Rxd7 19. Rxd7+ Bxd7
20. Kd2 Nb8 21. a3 Bc6 22. Ke3 Nd7 23. b4 f6 24. a4 bxa4 25. Bxa6 a3 26. Bc4
Nb6 27. Ba2 f5 28. exf5 Nd5+ 29. Nxd5+ Bxd5 30. c4 Bxg2 31. fxe6 Bh3 32. Kd4
Bxe6 33. Kc5 Kd7 34. b5 Kc7 35. Kb4 g5 36. fxg5 hxg5 37. Kxa3 Kb6 38. Kb4 Kb7
39. Bb1 Kc7 40. Be4 Kb6 41. c5+ Ka7 42. Ka5 g4 43. b6+ Kb8 44. Kb5 Bc8 45. c6
Be6 46. Kc5 Bb3 47. Bd5 Bd1 48. c7+ Kc8 49. Kd6 1-0

[Event "Grand Pacific op"]
[Site "Victoria CAN"]
[Date "2018.04.01"]
[Round "5.6"]
[White "Chandra, Anand Rishi"]
[Black "Nyamdorj, Davaa-Ochir"]
[Result "0-1"]
[WhiteElo "1825"]
[BlackElo "2253"]
[PlyCount "80"]
[EventDate "2018.03.30"]
[EventType "swiss"]
[EventRounds "6"]
[EventCountry "CAN"]

1. e4 e5 2. Nf3 Nc6 3. Bc4 Bc5 4. c3 Nf6 5. d3 d6 6. O-O O-O 7. Bg5 h6 8. Bh4
g5 9. Bg3 Bg4 10. Nbd2 Nh5 11. Kh1 Nf4 12. Bxf4 gxf4 13. b4 Bb6 14. Nb3 Qf6 15.
Qe2 Ne7 16. Rg1 Ng6 17. g3 Kh8 18. Nbd2 Rg8 19. Qf1 Rg7 20. h3 h5 21. Nh2 Bd7
22. g4 hxg4 23. hxg4 Qh4 24. Rg2 Rh7 25. Ndf3 Qh6 26. Qe2 Kg7 27. Kg1 Rah8 28.
Kf1 Nh4 29. Rg1 Kf8 30. Ke1 Rg7 31. g5 Qh5 32. Nxh4 Qxh4 33. Nf3 Qh5 34. Nd2
Rxg5 35. Rxg5 Qxg5 36. Nf3 Qg2 37. Nd2 Bg4 38. f3 Qxe2+ 39. Kxe2 Rh2+ 40. Ke1
Bf2+ 0-1

[Event "Grand Pacific op"]
[Site "Victoria CAN"]
[Date "2018.04.01"]
[Round "5.7"]
[White "Roback, Joe"]
[Black "Hemstapat, Andrew"]
[Result "0-1"]
[WhiteElo "2005"]
[BlackElo "2166"]
[PlyCount "154"]
[EventDate "2018.03.30"]
[EventType "swiss"]
[EventRounds "6"]
[EventCountry "CAN"]

1. e4 e6 2. d4 d5 3. e5 c5 4. c3 Nc6 5. Nf3 Bd7 6. Be2 Nge7 7. Na3 cxd4 8. Nb5
Ng6 9. cxd4 Be7 10. O-O O-O 11. Re1 f6 12. exf6 Bxf6 13. Be3 Qb6 14. Qd2 Na5
15. Nc3 Rac8 16. b3 Be7 17. Qd3 Bb4 18. Rac1 a6 19. Bd2 Ba3 20. Rcd1 Nc6 21.
Be3 Qc7 22. Nb1 Bb4 23. Bd2 Bd6 24. Rc1 Qd8 25. g3 Kh8 26. Ng5 Qf6 27. f4 Nxd4
28. Bh5 Bb5 29. Qe3 Nc2 30. Qxe6 Bc5+ 31. Kg2 Nxe1+ 32. Rxe1 Rce8 33. Qxf6 Rxf6
34. Rc1 Bb6 35. Nc3 Bc6 36. Na4 Be3 37. Rc2 d4+ 38. Bf3 d3 39. Rb2 Bxd2 40.
Rxd2 Re2+ 41. Rxe2 dxe2 42. Kf2 Bxf3 43. Nxf3 Rc6 44. Nd4 e1=Q+ 45. Kxe1 Rc1+
46. Kd2 Rh1 47. Nf3 Ra1 48. Nc3 Ne7 49. Ne1 Nc6 50. Nc2 Rh1 51. h4 Kg8 52. Ne2
Rh2 53. Ke3 Rh1 54. Kd2 Kf7 55. Ne3 Nb4 56. a3 Nc6 57. b4 Na7 58. Kc2 Nb5 59.
a4 Nd6 60. Kd3 Rb1 61. Nc2 Rd1+ 62. Kc3 Ne4+ 63. Kc4 Rd7 64. Ncd4 Rc7+ 65. Kd3
Nf6 66. Nc3 Kg6 67. Nf3 Kf5 68. Ne5 Ng4 69. Nf3 Nf2+ 70. Kd4 Kg4 71. Nd5 Rc1
72. Ne5+ Kxg3 73. Ke3 Ng4+ 74. Ke4 Nf6+ 75. Nxf6 gxf6 76. Nd7 Rc4+ 77. Ke3 Rxf4
0-1

[Event "Grand Pacific op"]
[Site "Victoria CAN"]
[Date "2018.04.01"]
[Round "5.8"]
[White "Chung, Alec"]
[Black "Gansvind, Valeriya"]
[Result "0-1"]
[WhiteElo "1792"]
[BlackElo "2154"]
[PlyCount "88"]
[EventDate "2018.03.30"]
[EventType "swiss"]
[EventRounds "6"]
[EventCountry "CAN"]

1. c4 e5 2. Nc3 Nc6 3. g3 g6 4. Bg2 d6 5. e4 Bg7 6. Nge2 Be6 7. d3 Qd7 8. Be3
Nd4 9. O-O Bh3 10. f4 Bxg2 11. Kxg2 Ne7 12. Qd2 Nec6 13. Nd5 Nxe2 14. Qxe2 Nd4
15. Bxd4 exd4 16. e5 O-O 17. Qe4 Kh8 18. Nf6 Bxf6 19. exf6 c5 20. Rae1 Rae8 21.
Qf3 Re6 22. Re4 Rxf6 23. Rfe1 Re6 24. Rxe6 fxe6 25. Qe4 Re8 26. b4 b6 27. b5
Kg7 28. a4 Kf7 29. Qf3 Re7 30. g4 Qb7 31. Re4 Kg7 32. f5 exf5 33. gxf5 Rxe4 34.
dxe4 Qe7 35. fxg6 Qg5+ 36. Kh1 hxg6 37. Qh3 Qc1+ 38. Kg2 Qd2+ 39. Kf1 Qf4+ 40.
Ke1 Qxe4+ 41. Kf2 Qf5+ 42. Qxf5 gxf5 43. Kf3 Kg6 44. Kf4 Kh5 0-1

[Event "Grand Pacific op"]
[Site "Victoria CAN"]
[Date "2018.04.01"]
[Round "5.9"]
[White "Cao, Jason"]
[Black "Bremner, William"]
[Result "1-0"]
[WhiteElo "2423"]
[BlackElo "1845"]
[PlyCount "87"]
[EventDate "2018.03.30"]
[EventType "swiss"]
[EventRounds "6"]
[EventCountry "CAN"]

1. Nf3 d5 2. g3 Nf6 3. Bg2 Bf5 4. d3 e6 5. Nbd2 h6 6. O-O Be7 7. c4 c6 8. b3
O-O 9. Bb2 Nbd7 10. Re1 Bh7 11. Qc2 a5 12. a3 Qb6 13. Qc3 Rfd8 14. Rad1 Bf8 15.
h3 Nc5 16. Rc1 dxc4 17. Qxc4 Ncd7 18. e4 Qa6 19. Qc2 Nc5 20. Bf1 Ncd7 21. d4
Qb6 22. Bd3 Re8 23. Kg2 Qc7 24. Nc4 Be7 25. Rcd1 Bf8 26. Bc1 Qd8 27. Ne3 Nb6
28. Ng4 Nbd7 29. Qd2 Qc7 30. e5 Nd5 31. Bxh7+ Kxh7 32. Re4 Rac8 33. Qd3 Kg8 34.
Nxh6+ gxh6 35. Rg4+ Kh8 36. Rh4 f5 37. g4 f4 38. Qg6 N7b6 39. Ng5 Re7 40. Nxe6
Qd7 41. Nxf8 Rxf8 42. e6 Qc7 43. Qxh6+ Kg8 44. Qh8# 1-0

[Event "Grand Pacific op"]
[Site "Victoria CAN"]
[Date "2018.04.01"]
[Round "5.10"]
[White "Reeve, Jeff"]
[Black "Lehingrat, Callum"]
[Result "1-0"]
[WhiteElo "2286"]
[BlackElo "1828"]
[PlyCount "51"]
[EventDate "2018.03.30"]
[EventType "swiss"]
[EventRounds "6"]
[EventCountry "CAN"]

1. e4 c5 2. Nf3 d6 3. d4 cxd4 4. Nxd4 Nf6 5. Nc3 a6 6. h3 e6 7. g4 d5 8. Bg2
Bb4 9. O-O Bxc3 10. bxc3 Nxe4 11. Ba3 Nd6 12. Qd3 O-O 13. Qg3 Nc4 14. Bxf8 Qxf8
15. f4 Qd6 16. Rae1 Nc6 17. Kh2 Bd7 18. Rf2 Rc8 19. Bf1 Qc5 20. Nxc6 Rxc6 21.
f5 Nd6 22. fxe6 Bxe6 23. Bd3 Qxc3 24. Qh4 g6 25. Rxe6 Nf5 26. Re8+ 1-0

[Event "Grand Pacific op"]
[Site "Victoria CAN"]
[Date "2018.04.02"]
[Round "6.1"]
[White "Ginsburg, Mark"]
[Black "Doknjas, Joshua"]
[Result "1-0"]
[WhiteElo "2372"]
[BlackElo "2256"]
[PlyCount "113"]
[EventDate "2018.03.30"]
[EventType "swiss"]
[EventRounds "6"]
[EventCountry "CAN"]

1. c4 c5 2. Nf3 Nc6 3. Nc3 e5 4. g3 g6 5. Bg2 Bg7 6. O-O Nge7 7. a3 O-O 8. Rb1
a5 9. Ne1 d6 10. Nc2 Be6 11. Ne3 Rb8 12. Ned5 b6 13. d3 f5 14. Bg5 h6 15. Bxe7
Nxe7 16. Nxe7+ Qxe7 17. Bd5 g5 18. b4 axb4 19. axb4 Bxd5 20. Nxd5 Qa7 21. e4 f4
22. Qg4 Qf7 23. bxc5 bxc5 24. Qf5 Rxb1 25. Rxb1 Qe8 26. Qh3 Kh8 27. g4 Qf7 28.
Qh5 Kh7 29. Qxf7 Rxf7 30. Rb6 Bf8 31. Rc6 Kg6 32. Rc8 Kg7 33. Nc7 Kf6 34. Nb5
Be7 35. Rc6 Ke6 36. Ra6 Bf8 37. f3 Rd7 38. Ra8 Kf7 39. Kf1 Be7 40. Ke2 Bd8 41.
Kd1 Be7 42. Kc2 Bd8 43. Kb3 Be7 44. Ka4 Bd8 45. Rc8 Ke8 46. Rc6 Ke7 47. h3 Ke6
48. Ra6 Ke7 49. Ra7 Rxa7+ 50. Nxa7 Kd7 51. Kb5 Kc7 52. Ka6 Kb8 53. Nc6+ Kc7 54.
Nxd8 Kxd8 55. Kb6 Ke8 56. Kc6 Ke7 57. Kc7 1-0

[Event "Grand Pacific op"]
[Site "Victoria CAN"]
[Date "2018.04.02"]
[Round "6.2"]
[White "Sali, Zulfikar"]
[Black "Findlay, Ian"]
[Result "1/2-1/2"]
[WhiteElo "2225"]
[BlackElo "2290"]
[PlyCount "81"]
[EventDate "2018.03.30"]
[EventType "swiss"]
[EventRounds "6"]
[EventCountry "CAN"]

1. e4 c5 2. Nf3 d6 3. d4 cxd4 4. Nxd4 Nf6 5. Nc3 g6 6. Be3 Bg7 7. f3 Nc6 8. Qd2
O-O 9. g4 Be6 10. Nxe6 fxe6 11. O-O-O Ne5 12. Be2 Qc8 13. h4 Nfd7 14. f4 Nc4
15. Bxc4 Qxc4 16. e5 Rad8 17. exd6 Nf6 18. dxe7 Rxd2 19. exf8=Q+ Kxf8 20. Rxd2
Nxg4 21. Bxa7 Bxc3 22. bxc3 Qxa2 23. Bc5+ Ke8 24. Rdd1 Qa5 25. Bd4 Qf5 26. Rhf1
Nh2 27. Rf2 Ng4 28. Rff1 Qh5 29. Rde1 Kd7 30. Rh1 Qh6 31. Kb2 Qh5 32. Rh3 Qb5+
33. Kc1 Qf5 34. Rd3 Ke7 35. Kb2 Qb5+ 36. Kc1 Qf5 37. Kb2 Qb5+ 38. Ka3 Qa5+ 39.
Kb3 Qb5+ 40. Ka3 Qa5+ 41. Kb2 1/2-1/2

[Event "Grand Pacific op"]
[Site "Victoria CAN"]
[Date "2018.04.02"]
[Round "6.4"]
[White "Nyamdorj, Davaa-Ochir"]
[Black "Gansvind, Valeriya"]
[Result "1/2-1/2"]
[WhiteElo "2253"]
[BlackElo "2157"]
[PlyCount "196"]
[EventDate "2018.03.30"]
[EventType "swiss"]
[EventRounds "6"]
[EventCountry "CAN"]

1. e4 g6 2. d4 d6 3. Nf3 Bg7 4. h3 c6 5. Be2 Qc7 6. c4 Nd7 7. Nc3 Ngf6 8. Bg5
h6 9. Be3 a6 10. a4 c5 11. a5 b6 12. e5 dxe5 13. dxe5 Nh7 14. Nd5 Qc6 15. Bd3
Bxe5 16. Be4 f5 17. Nxe5 Nxe5 18. Nc7+ Qxc7 19. Bxa8 Nf6 20. axb6 Qxb6 21. O-O
Kf7 22. Qe2 Be6 23. Bd5 Ned7 24. b4 Nxd5 25. cxd5 Bxd5 26. bxc5 Qe6 27. Rxa6
Qe4 28. f3 Bc4 29. Qd2 Qd3 30. Qxd3 Bxd3 31. Ra3 Bxf1 32. Kxf1 Rc8 33. Rd3 Ke6
34. Bxh6 Rxc5 35. Bg5 Nf6 36. Kf2 Rc2+ 37. Kg1 Kf7 38. Re3 Rc6 39. Kh2 Ra6 40.
Rb3 Ra7 41. Rb4 Rc7 42. Rb8 Ra7 43. g4 e6 44. Bh6 Ne8 45. Kg3 Rd7 46. Kf4 Nf6
47. Rh8 Rd3 48. Kg5 Nd5 49. Rh7+ Ke8 50. Kxg6 Rxf3 51. Rh8+ Kd7 52. Rh7+ Ke8
53. gxf5 Rxf5 54. Rh8+ Kd7 55. Bg5 Nf4+ 56. Bxf4 Rxf4 57. h4 Ke7 58. Rh7+ Kf8
59. Rh8+ Ke7 60. h5 Rg4+ 61. Kh7 Kf7 62. h6 Rg2 63. Ra8 Rg1 64. Ra7+ Kf8 65.
Ra2 Kf7 66. Ra7+ Kf8 67. Rg7 Rh1 68. Rg2 e5 69. Re2 Kf7 70. Rxe5 Rg1 71. Rf5+
Ke7 72. Ra5 Kf7 73. Ra7+ Kf8 74. Rg7 Rf1 75. Rg5 Kf7 76. Rg8 Rf2 77. Ra8 Rg2
78. Ra7+ Kf8 79. Ra4 Kf7 80. Ra5 Rg1 81. Rf5+ Ke7 82. Kh8 Rg2 83. Ra5 Kf7 84.
Ra7+ Kf8 85. Rg7 Rh2 86. Rg6 Kf7 87. Rb6 Rg2 88. Rb4 Rh2 89. h7 Rg2 90. Rb8 Rg1
91. Rg8 Rh1 92. Rd8 Rg1 93. Rd5 Rg2 94. Rh5 Rg1 95. Rf5+ Ke7 96. Rf3 Rg2 97.
Re3+ Kf7 98. Re4 Rg3 1/2-1/2

[Event "Grand Pacific op"]
[Site "Victoria CAN"]
[Date "2018.04.02"]
[Round "6.5"]
[White "Hemstapat, Andrew"]
[Black "Reeve, Jeff"]
[Result "1-0"]
[WhiteElo "2166"]
[BlackElo "2286"]
[PlyCount "78"]
[EventDate "2018.03.30"]
[EventType "swiss"]
[EventRounds "6"]
[EventCountry "CAN"]

1. e4 c5 2. Nf3 Nc6 3. d4 cxd4 4. Nxd4 Nf6 5. Nc3 e5 6. Ndb5 d6 7. Bg5 a6 8.
Bxf6 gxf6 9. Na3 f5 10. exf5 Bxf5 11. Nc4 Nd4 12. Bd3 Be6 13. O-O Rc8 14. Ne3
Qg5 15. Ne4 Qe7 16. c3 Nc6 17. Qf3 Bg7 18. Bc4 Bxc4 19. Nxc4 Rd8 20. Ne3 d5 21.
Ng3 Qe6 22. Nh5 Rg8 23. Rad1 Ne7 24. Ng3 Bh6 25. Rfe1 e4 26. Qe2 Bxe3 27. Qxe3
f5 28. f3 Ng6 29. Qa7 Rg7 30. Qd4 Rdd7 31. Qc5 Ne5 32. fxe4 fxe4 33. Qc8+ Ke7
34. Rf1 Rf7 35. Rxf7+ Nxf7 36. Rf1 Kd6 37. Nf5+ Ke5 38. Nd4 Qe7 39. Qg8 Ng5 1-0

[Event "Grand Pacific op"]
[Site "Victoria CAN"]
[Date "2018.04.02"]
[Round "6.6"]
[White "Bashkansky, Naomi"]
[Black "Cao, Jason"]
[Result "1/2-1/2"]
[WhiteElo "2080"]
[BlackElo "2423"]
[Annotator ",roger"]
[PlyCount "143"]
[EventDate "2018.03.30"]
[EventType "swiss"]
[EventRounds "6"]
[EventCountry "CAN"]

1. d4 Nf6 2. c4 e6 3. Nc3 Bb4 4. e3 O-O 5. Bd3 d5 6. cxd5 exd5 7. Nge2 Re8 8.
O-O b6 9. f3 Bb7 10. g4 c5 11. a3 Bxc3 12. bxc3 Ba6 13. Bxa6 Nxa6 14. Ng3 h6
15. h4 Qc7 16. Ne2 Qd6 17. Qd3 Nc7 18. g5 Nd7 19. e4 dxe4 20. fxe4 hxg5 21.
hxg5 cxd4 22. cxd4 Qg6 23. Nc3 Rad8 24. Ra2 Ne5 25. Qe3 Nc6 26. Qg3 Qd6 27.
Qxd6 Rxd6 28. Bf4 Rd7 29. d5 Ne5 30. Rc2 Na6 31. Bxe5 Rxe5 32. Rf5 Re8 33. g6
f6 34. Rh2 Kf8 35. d6 Rxd6 36. Nd5 Rxd5 37. Rh8+ Ke7 38. Rxe8+ Kxe8 39. exd5
Nc7 40. Kf2 Ke7 41. Ke3 a5 42. a4 Kd6 43. Ke4 Ke7 44. Rf3 b5 45. d6+ Kxd6 46.
Rxf6+ Ne6 47. Rf5 bxa4 48. Rxa5 Nc5+ 49. Ke3 Kd5 50. Ra7 Ne6 51. Rxa4 Ke5 52.
Ra5+ Kf6 53. Ra6 Kf5 54. Kf3 Nf8 55. Ra7 Nxg6 56. Rxg7 Ne5+ 57. Ke3 Ng4+ 58.
Kd4 Nf6 59. Rf7 Ke6 60. Ra7 Kf5 61. Ra5+ Ke6 62. Rb5 Nd7 63. Ke4 Nf6+ 64. Kf4
Nd5+ 65. Kg4 Ke5 66. Ra5 Ke4 67. Ra1 Ke5 68. Re1+ Kd4 69. Re8 Ne3+ 70. Kf4 Nd5+
71. Kf5 Ne3+ 72. Ke6 {x moves illegible} 1/2-1/2

[Event "Grand Pacific op"]
[Site "Victoria CAN"]
[Date "2018.04.02"]
[Round "6.7"]
[White "Kostadinov, Georgi"]
[Black "Doknjas, John"]
[Result "0-1"]
[WhiteElo "2173"]
[BlackElo "2291"]
[PlyCount "74"]
[EventDate "2018.03.30"]
[EventType "swiss"]
[EventRounds "6"]
[EventCountry "CAN"]

1. d4 Nf6 2. c4 c5 3. d5 e6 4. Nc3 exd5 5. cxd5 d6 6. Nf3 g6 7. Bf4 a6 8. a4
Bg7 9. h3 O-O 10. e3 Qe7 11. Nd2 Nh5 12. Bh2 f5 13. Be2 f4 14. e4 Qg5 15. Bf3
Nd7 16. Nc4 Ne5 17. Nxd6 c4 18. Qe2 Ng3 19. fxg3 fxg3 20. Bg1 Nxf3+ 21. gxf3 g2
22. Rh2 Qg3+ 23. Qf2 Qxd6 24. Qxg2 Bd7 25. h4 b5 26. h5 b4 27. Nd1 c3 28. hxg6
hxg6 29. bxc3 bxc3 30. Rc1 Rab8 31. Ne3 Rb2 32. Nc2 Qf4 33. Be3 Qxf3 34. Qxf3
Rxf3 35. Ke2 Rf7 36. Rf2 Rxf2+ 37. Bxf2 Bxa4 0-1

[Event "Grand Pacific op"]
[Site "Victoria CAN"]
[Date "2018.04.02"]
[Round "6.8"]
[White "MacKinnon, Keith"]
[Black "Huang, Patrick"]
[Result "1-0"]
[WhiteElo "2280"]
[BlackElo "2039"]
[PlyCount "57"]
[EventDate "2018.03.30"]
[EventType "swiss"]
[EventRounds "6"]
[EventCountry "CAN"]

1. e4 g6 2. d4 Bg7 3. Nc3 d6 4. h3 a6 5. a4 Nf6 6. Nf3 c5 7. d5 O-O 8. Bd3 b6
9. O-O Bb7 10. Bc4 Nbd7 11. Bf4 Nh5 12. Be3 Ne5 13. Be2 Nxf3+ 14. Bxf3 Nf6 15.
Qd2 Qd7 16. Rfd1 b5 17. a5 Qc7 18. Bh6 Nd7 19. Bxg7 Kxg7 20. Be2 f5 21. exf5
Rxf5 22. Bg4 Rff8 23. Ne2 h5 24. Bxh5 gxh5 25. Qg5+ Kf7 26. Qxh5+ Kg7 27. Ra3
Rg8 28. Rg3+ Kf8 29. Qh6+ 1-0

[Event "Grand Pacific op"]
[Site "Victoria CAN"]
[Date "2018.04.02"]
[Round "6.9"]
[White "Patterson, Roger"]
[Black "Cheng, Louis"]
[Result "1/2-1/2"]
[WhiteElo "2116"]
[BlackElo "2092"]
[PlyCount "34"]
[EventDate "2018.03.30"]
[EventType "swiss"]
[EventRounds "6"]
[EventCountry "CAN"]

1. c4 Nf6 2. Nc3 g6 3. g3 Bg7 4. Bg2 e5 5. e3 O-O 6. Nge2 d6 7. O-O c6 8. d4
Qc7 9. Rb1 Nbd7 10. b4 Nb6 11. Qb3 Rd8 12. Rd1 d5 13. cxd5 Nfxd5 14. Nxd5 Nxd5
15. dxe5 Be6 16. Nd4 Qxe5 17. Nxe6 Qxe6 1/2-1/2

[Event "Grand Pacific op"]
[Site "Victoria CAN"]
[Date "2018.04.02"]
[Round "6.10"]
[White "Murray, Michael"]
[Black "Zheng, Maven"]
[Result "1-0"]
[WhiteElo "2059"]
[BlackElo "1939"]
[PlyCount "139"]
[EventDate "2018.03.30"]
[EventType "swiss"]
[EventRounds "6"]
[EventCountry "CAN"]

1. e4 c5 2. Nc3 Nc6 3. g3 g6 4. d3 Bg7 5. Be3 d6 6. Qd2 Bd7 7. Bg2 Rb8 8. Nf3
Nf6 9. Bh6 Bxh6 10. Qxh6 Qb6 11. O-O-O Ne5 12. Nxe5 dxe5 13. f4 Ng4 14. Qg7 Qf6
15. Qxf6 exf6 16. Rde1 O-O 17. h3 Nh6 18. Nd5 Kg7 19. Rhf1 b5 20. g4 Ng8 21.
Rf2 a5 22. f5 g5 23. h4 h6 24. Rh1 Rbe8 25. Bf3 Bc6 26. Ne3 Ne7 27. Rfh2 Rh8
28. Nf1 Ng8 29. Ng3 Kf8 30. Kd2 Ke7 31. Ke3 Rd8 32. a3 Rd6 33. Bd1 Kd7 34. c3
b4 35. Bb3 Bb5 36. Rd2 Rh7 37. Bd5 Ne7 38. c4 Ba4 39. axb4 axb4 40. hxg5 fxg5
41. Ra1 Ra6 42. b3 Bb5 43. Rda2 Rxa2 44. Rxa2 Bc6 45. Ra7+ Kd6 46. Ra6 Kd7 47.
Ra7+ Kd6 48. f6 Bxd5 49. exd5 Nxd5+ 50. cxd5 Kxd5 51. Ne4 Kc6 52. Ra5 h5 53.
Rxc5+ Kb6 54. Rxe5 hxg4 55. Rxg5 Rh3+ 56. Kd4 Rh4 57. Ke5 Rh3 58. Kd4 Rh4 59.
Kc4 Kc6 60. Kxb4 Rh3 61. Kc4 Rh4 62. Rg7 Rh6 63. Rxg4 Kd7 64. b4 Rh8 65. b5
Rc8+ 66. Nc5+ Kd6 67. d4 Rb8 68. Rg7 Ra8 69. Rxf7 Ra7 70. Ne4+ 1-0

[Event "Guelph Fall Pro-Am"]
[Site "Guelph CAN"]
[Date "2018.10.27"]
[Round "1.1"]
[White "Hua, Eugene"]
[Black "Colvin, Andrew"]
[Result "1/2-1/2"]
[WhiteElo "2430"]
[BlackElo "2099"]
[PlyCount "57"]
[EventDate "2018.10.28"]
[EventType "swiss"]
[EventRounds "5"]
[EventCountry "CAN"]

1. e4 e6 2. d4 d5 3. Nd2 c5 4. exd5 Qxd5 5. Ngf3 cxd4 6. Bc4 Qd6 7. O-O Nf6 8.
Nb3 Nc6 9. Nbxd4 Nxd4 10. Nxd4 a6 11. Re1 Qc7 12. Bf1 Bd6 13. Nf5 Bxh2+ 14. Kh1
Kf8 15. Qd4 exf5 16. Qxf6 h6 17. Qd4 Bd6 18. Bc4 Be6 19. Bxe6 Qe7 20. Bd2 fxe6
21. Rad1 Bc5 22. Qc4 b5 23. Qf4 Rd8 24. Bc3 Kf7 25. Qg3 Qg5 26. Qc7+ Qe7 27.
Qg3 Qg5 28. Qc7+ Qe7 29. Qg3 1/2-1/2

[Event "Guelph Fall Pro-Am"]
[Site "Guelph CAN"]
[Date "2018.10.27"]
[Round "1.2"]
[White "Aniunoh, Chike"]
[Black "Migot, Tangi"]
[Result "0-1"]
[WhiteElo "2097"]
[BlackElo "2401"]
[PlyCount "77"]
[EventDate "2018.10.28"]
[EventType "swiss"]
[EventRounds "5"]
[EventCountry "CAN"]

1. e4 c5 2. Nc3 e6 3. Nge2 Nc6 4. g3 a6 5. Bg2 b5 6. d4 cxd4 7. Nxd4 Bb7 8. O-O
Qc7 9. Re1 d6 10. Nxc6 Bxc6 11. a4 bxa4 12. Be3 Qb7 13. Nxa4 Nf6 14. Nb6 Rd8
15. Qd3 Bb5 16. c4 Bc6 17. f3 Be7 18. Qa3 d5 19. Qxa6 Qxa6 20. Rxa6 dxe4 21.
Na4 exf3 22. Rxc6 fxg2 23. Kxg2 Ng4 24. Bg1 Bf6 25. b4 Ne5 26. Rc7 Rd2+ 27. Kh1
Bd8 28. Rc8 Nf3 29. Rb1 h5 30. Rb3 Nxg1 31. Kxg1 h4 32. c5 hxg3 33. hxg3 Rhh2
34. c6 Rdg2+ 35. Kf1 Ra2 36. Kg1 Rhc2 37. Rf3 Rxa4 38. Rf1 Ke7 39. Rb8 0-1

[Event "Guelph Fall Pro-Am"]
[Site "Guelph CAN"]
[Date "2018.10.27"]
[Round "1.3"]
[White "Lin, Benjamin"]
[Black "Loadman, Ian"]
[Result "1/2-1/2"]
[WhiteElo "2121"]
[BlackElo "2076"]
[PlyCount "55"]
[EventDate "2018.10.28"]
[EventType "swiss"]
[EventRounds "5"]
[EventCountry "CAN"]

1. d4 Nf6 2. c4 g6 3. f3 Bg7 4. e4 d6 5. Nc3 O-O 6. Be3 Nc6 7. d5 Ne5 8. h3 Nh5
9. Bf2 e6 10. g3 exd5 11. cxd5 Re8 12. f4 Nd7 13. Nge2 f5 14. exf5 gxf5 15. Qd3
Nc5 16. Bxc5 dxc5 17. O-O-O a6 18. Bg2 Qd6 19. Bf3 Nxg3 20. Rhg1 Nxe2+ 21. Nxe2
Kh8 22. Rxg7 Kxg7 23. Bh5 Rf8 24. Qc3+ Qf6 25. Qxc5 Bd7 26. d6 cxd6 27. Rxd6
Be6 28. Qb6 1/2-1/2

[Event "Guelph Fall Pro-Am"]
[Site "Guelph CAN"]
[Date "2018.10.27"]
[Round "1.4"]
[White "Gooding, Gordon"]
[Black "Gaisinsky, Adam"]
[Result "1-0"]
[WhiteElo "2040"]
[BlackElo "2113"]
[PlyCount "81"]
[EventDate "2018.10.28"]
[EventType "swiss"]
[EventRounds "5"]
[EventCountry "CAN"]

1. d4 Nf6 2. Nf3 d5 3. c4 e6 4. Nc3 Be7 5. Bf4 O-O 6. e3 b6 7. Qc2 Bb7 8. a3 a6
9. Rd1 Nbd7 10. cxd5 exd5 11. Be2 Rc8 12. O-O Nh5 13. Be5 f6 14. Bg3 Nxg3 15.
hxg3 f5 16. Bd3 g6 17. b4 Nf6 18. Qe2 Ne4 19. Rc1 Ra8 20. Qa2 Kg7 21. Ne2 Qd6
22. Ne5 Bf6 23. f3 Ng5 24. f4 Ne4 25. g4 Rac8 26. gxf5 gxf5 27. Bxe4 fxe4 28.
Ng3 Bxe5 29. Nh5+ Kh8 30. dxe5 Qe7 31. Qb2 Kg8 32. Nf6+ Kh8 33. Kf2 Rf7 34. Rh1
c5 35. Rh6 c4 36. Qd4 Rc6 37. Nxd5 Qe8 38. e6+ Rg7 39. Rxh7+ Kxh7 40. Nf6+ Kg6
41. Nxe8 1-0

[Event "Guelph Fall Pro-Am"]
[Site "Guelph CAN"]
[Date "2018.10.27"]
[Round "2.1"]
[White "Migot, Tangi"]
[Black "Papneja, Arul"]
[Result "1-0"]
[WhiteElo "2401"]
[BlackElo "2011"]
[PlyCount "67"]
[EventDate "2018.10.28"]
[EventType "swiss"]
[EventRounds "5"]
[EventCountry "CAN"]

1. e4 c5 2. Nf3 d6 3. c3 Nf6 4. h3 Nc6 5. Bd3 d5 6. exd5 Nxd5 7. Bb5 Qc7 8. O-O
e6 9. d4 a6 10. Bxc6+ Qxc6 11. c4 Nf6 12. Be3 Be7 13. Nc3 O-O 14. Qb3 Bd7 15.
dxc5 Bxc5 16. Ne5 Qc7 17. Bxc5 Qxc5 18. Nxd7 Nxd7 19. Qxb7 Nb6 20. b3 Rfb8 21.
Qe4 a5 22. Nb5 a4 23. Rfc1 Nc8 24. Qd4 Qxd4 25. Nxd4 Nd6 26. c5 axb3 27. axb3
Rxa1 28. Rxa1 Ne4 29. Nc6 Re8 30. b4 Kf8 31. f3 Nc3 32. Ra3 Nd5 33. b5 Rc8 34.
b6 1-0